Aves endémicas de Colombia (Registro nro. 12335)

Detalles MARC
000 -CABECERA
Campo de control 005040000a22001690004500
090 ## - CLASIFICACIÓN LOCAL
Colección AR
Consecutivo 03284
041 0# - IDIOMA
Código de idioma para texto/pista de sonido o título separado
100 1# - ASIENTO PRINCIPAL--NOMBRE PERSONAL
Nombre personal Stiles, F. Gary
245 10 - MENCION DE TITULO
Título Aves endémicas de Colombia
650 14 - ASIENTO SECUNDARIO DE MATERIA - TERMINO TEMATICO
Término temático o nombre geográfico como elemento de entrada Avifauna
650 14 - ASIENTO SECUNDARIO DE MATERIA - TERMINO TEMATICO
Término temático o nombre geográfico como elemento de entrada Conservación de biodiversidad
650 14 - ASIENTO SECUNDARIO DE MATERIA - TERMINO TEMATICO
Término temático o nombre geográfico como elemento de entrada Listas de aves
650 14 - ASIENTO SECUNDARIO DE MATERIA - TERMINO TEMATICO
Término temático o nombre geográfico como elemento de entrada Endemismo
651 #4 - ASIENTO SECUNDARIO DE MATERIA - NOMBRE GEOGRAFICO
-- Colombia
773 1# - Item fuente:
Título Informe Nacional sobre el Estado de la biodiversidad -tomo 1-1997
Especificación de materiales 893
Paginas del Articulo 378-432
Lugar, editorial y fecha de publicación 1997
Información sobre la relación 1
942 ## - ELEMENTOS ADICIONALES (KOHA)
Tipo de ítem Artículo
Existencias
Withdrawn status Lost status Damaged status No para préstamo Colección Ubicación Permanente Ubicación actual Fecha de adquisición Fuente de Valor Datos de publicación Seriada Total Checkouts Número topográfico Inventario / Código de Barras Date last seen Ejemplar Price effective from Forma de adquisición Tipo de material
      No para Préstamo Hemeroteca Bogotá Bogotá 27/02/2015 Revista de la Academia Colombiana de Ciencias Exactas, Fisicas y Na Fuera de circulación   AR 03284 013745 25/03/2015 1 25/03/2015   Artículo